000 00403nam a2200181Ia 4500
001 24519
005 20260414151049.0
008 260414t2003||||xx |||||||||||||| ||spa||
041 _aESP
082 _a345.72
_bA157 T. 3
100 _aAlsina, Hugo
_eAUT
245 0 _aJuicios especiales
_b
260 _c2003
300 _a
_c28 cm.
650 _aDER
654 _aCDE
942 _cLIB
_dJUS
_fJUS
_2ddc
_n
999 _c24519
_d24519